Aagolavalkaranavum krishium (Globalization and agriculture) (Malayalam) (Record no. 42460)

MARC details
000 -LEADER
fixed length control field 00389nam a2200133Ia 4500
020 ## - INTERNATIONAL STANDARD BOOK NUMBER
ISBN 8176384259
082 ## - DEWEY DECIMAL CLASSIFICATION NUMBER
Classification number 339GLO
Item number GOP
100 ## - MAIN ENTRY--AUTHOR NAME
Personal name Gopimony
245 #0 - TITLE STATEMENT
Title Aagolavalkaranavum krishium (Globalization and agriculture) (Malayalam)
260 ## - PUBLICATION, DISTRIBUTION, ETC. (IMPRINT)
Place of publication Trivandrum
Name of publisher Kerala Bhasha Institute
Year of publication 2004
650 ## - SUBJECT ADDED ENTRY--TOPICAL TERM
Topical Term Genetic engineering
942 ## - ADDED ENTRY ELEMENTS (KOHA)
Koha item type Books
Holdings
Withdrawn status Lost status Damaged status Not for loan Home library Current library Date acquired Cost, normal purchase price Full call number Accession Number Koha item type
        RRII Library RRII Library 16/12/2021 65.00 339GLO GOP 22732 Books